Using English : (Record no. 2279)

000 -LEADER
fixed length control field aam a22 a 4500
003 - CONTROL NUMBER IDENTIFIER
control field AKMAL
005 - DATE AND TIME OF LATEST TRANSACTION
control field 20170516084730.0
008 - FIXED-LENGTH DATA ELEMENTS--GENERAL INFORMATION
fixed length control field 170516s1979 nyu 00 eng d
020 ## - INTERNATIONAL STANDARD BOOK NUMBER
International Standard Book Number 0155944819
020 ## - INTERNATIONAL STANDARD BOOK NUMBER
International Standard Book Number 0153117044
040 ## - CATALOGING SOURCE
Original cataloging agency AKMAL
Transcribing agency AKMAL
050 00 - LIBRARY OF CONGRESS CALL NUMBER
Classification number PE1112
Item number .S24
082 04 - DEWEY DECIMAL CLASSIFICATION NUMBER
Classification number 425 SAN
090 20 - LOCALLY ASSIGNED LC-TYPE CALL NUMBER (OCLC); LOCAL CALL NUMBER (RLIN)
Classification number (OCLC) (R) ; Classification number, CALL (RLIN) (NR) 425
Local cutter number (OCLC) ; Book number/undivided call number, CALL (RLIN) SAN
100 1# - MAIN ENTRY--PERSONAL NAME
Personal name Sanford, Adrian B
9 (RLIN) 4791
245 10 - TITLE STATEMENT
Title Using English :
Remainder of title grammar and writing skills /
Statement of responsibility, etc. Adrian B. Sanford
260 ## - PUBLICATION, DISTRIBUTION, ETC.
Place of publication, distribution, etc. New York :
Name of publisher, distributor, etc. Harcourt Brace Jovanovich,
Date of publication, distribution, etc. c1979
300 00 - PHYSICAL DESCRIPTION
Extent x, 420 p ;
Dimensions 21 cm
650 #0 - SUBJECT ADDED ENTRY--TOPICAL TERM
Topical term or geographic name entry element English language
General subdivision Grammar
Chronological subdivision 1950-
9 (RLIN) 4782
942 ## - ADDED ENTRY ELEMENTS (KOHA)
Source of classification or shelving scheme
Koha item type Book
Holdings
Withdrawn status Lost status Source of classification or shelving scheme Damaged status Not for loan Collection code Home library Current library Date acquired Inventory number Total Checkouts Full call number Barcode Date last seen Price effective from Koha item type
          NON-FICTION AKMAL Melaka AKMAL Melaka 16.05.2017 400025   425 SAN 201706827 16.05.2017 16.05.2017 Book
Pusat Sumber Maklumat Dato' Haji Sarmin Md Hussin, Akademi Kastam Diraja Malaysia, Melaka
Tel: 06-2331106 | Faks: 06-2313787